000 00620nam a2200181Ia 4500
008 100921s9999 xx 000 0 und d
082 _b36736
_a928 न 00
100 _aमाने लक्ष्मण.
245 _aउपरा.
260 _bग्रंथाली प्रकाशन, मुंबई.
_c2000
300 _a154
_bसुयश ट्रेडर्स,पुणे
365 _b100
520 _aचरित्रे-साहित्यिक.
630 _aउपरा.
650 _aचरित्रे-साहित्यिक.
730 _aउपरा.
942 _cBOOK
999 _c785849
_d785846